| 000 | 01115cam a2200313 4500 | ||
|---|---|---|---|
| 008 | 090401t1996 xxu||||| |||| 00| 0 eng d | ||
| 020 | _a1873692099 | ||
| 035 | _a(Sirsi) u7722 | ||
| 041 | _aeng | ||
| 050 | _a333.9164 | ||
| 110 |
_aLITTORAL `96 _9397 |
||
| 245 | _aPartnership in coastal zone management. (Papers from LITTORAL `96 the Third International Conference of the European Coastal Association for Science and Technology, held at the University of Portsmouth). | ||
| 260 |
_aCardigan _bSamara Publishing Limited _c1996 |
||
| 300 | _axvi,688p. : ill. ; 24cm. | ||
| 350 | _a0 | ||
| 500 | _aAvailable from publisher at Samara House, Tresaith, Cardigan, Dyfed SA43 2JG on 01239 811315. | ||
| 650 | _aBEACHES | ||
| 650 | _aCOASTAL ZONE MANAGEMENT | ||
| 650 | _aCOASTAL ZONES | ||
| 650 | _aCONFERENCES | ||
| 650 | _aEUROPEAN COASTAL ASSOCIATION FOR SCIENCE AND TECHNOLOGY | ||
| 650 | _aMARINE RESOURCES | ||
| 650 | _aSEA LEVEL CHANGES | ||
| 690 | _aMARINE RESOURCES | ||
| 700 |
_aTaussik, Jane & Mitchell, Julian, _xEditor |
||
| 710 | _aEUROCOAST | ||
| 942 | _n0 | ||
| 948 | _c04/03/1997 | ||
| 999 |
_c86434 _d86434 |
||